000 01706nam a22002537a 4500
003 Uzh_bibl
008 260324b |||||||| |||| 00| 0 ukr d
020 _a5-11-004714-6
040 _bукр.
041 _2ukr
_aukr
080 _a1(091)
090 _a1(091)
_bВ85
100 _a-
245 _aВступ до філософії: історико-філософська пропедефтика
_cХудож.ред.І.Г.Сухенко
_hТекст
260 _aКиїв
_b"Вища школа"
_c1999
300 _a624 с.
_fВ опр.
520 _aПідручник принципово зорієнтований на філософсько-антропологічну проблематику враховано кращі зразки викладу історії, філософії розширено коло питань, що висвітлюють проблему людини відображено процесуальність створення тих чи інших філософських концепцій і плюралізм відповідей на те чи інше питання з метою розкриття діалогічного та діалектичного характеру взаєморозвитку філософських доктрнин.
521 _aДля широкого кола читачів
546 _aукр.
650 _aНавчальне видання
653 _aФілософія
_aФілософія середньовіччя її особливості
_aЗахідноєвропейська філософія
655 _aНавчальна література
_vПідручник
942 _2udc
_cBK
999 _c17177
_d17177